[Event "World ol U16"]
[Site "Eindhoven"]
[Date "2023.08.13"]
[Round "1.6"]
[White "Liu, Henry"]
[Black "Bakhrillaev, Bakhrom"]
[Result "0-1"]
[WhiteElo "1937"]
[BlackElo "2302"]
[PlyCount "132"]
[EventDate "2023.08.13"]
[EventType "team-swiss"]
[EventRounds "9"]
[EventCountry "NED"]
[SourceTitle "CBM 215 Extra"]
[Source "ChessBase"]
[SourceDate "2023.09.30"]
[SourceVersion "1"]
[SourceVersionDate "2023.09.30"]
[SourceQuality "1"]
[WhiteTeam "Canada II"]
[BlackTeam "Uzbekistan"]
[WhiteTeamCountry "CAN"]
[BlackTeamCountry "UZB"]

1. d4 Nf6 2. Bf4 d5 3. e3 e6 4. Nd2 c5 5. c3 Nc6 6. Ngf3 Bd6 7. Bg3 0-0 8. Bd3 b6 9. Qe2 h6 10. 0-0 Bb7 11. Ne5 Qc7 12. f4 Ne7 13. Rad1 Ne4 14. Nxe4 dxe4 15. Bc4 Rad8 16. Bh4 Bd5 17. Bxe7 Bxe7 18. f5 cxd4 19. cxd4 Bxc4 20. Nxc4 exf5 21. Rxf5 g6 22. Rff1 Rc8 23. b3 Kg7 24. d5 Rcd8 25. Qb2+ Kg8 26. Qd4 Bc5 27. Qxe4 b5 28. d6 Bxd6 29. Nxd6 Rxd6 30. Rc1 Qb6 31. Rc3 Re6 32. Qd4 Qa5 33. Rc2 h5 34. Rcf2 Qc7 35. Qd3 a6 36. g3 Qe7 37. Rf3 Rd8 38. Qc3 f5 39. Rc1 Qb7 40. Rf2 Rde8 41. Qc7 Qxc7 42. Rxc7 Rxe3 43. Rc6 R8e6 44. Rfc2 Kf7 45. Kf2 Re2+ 46. Kf3 Rxc6 47. Rxc6 Rxa2 48. h4 Ra3 49. Kf4 Rxb3 50. Rxa6 Rb4+ 51. Ke5 Re4+ 52. Kd5 Re3 53. Rb6 Rxg3 54. Rxb5 Rg4 55. Rb7+ Kf6 56. Rb6+ Kg7 57. Rb7+ Kh6 58. Ke6 Rxh4 59. Kf6 Ra4 60. Rb6 h4 61. Rc6 h3 62. Rc3 Rh4 63. Rc8 Kh5 64. Rh8+ Kg4 65. Rg8 h2 66. Rxg6+ Kf4 0-1

[Event "Tashkent Sahibkiran Temur Cup"]
[Site "Tashkent"]
[Date "2023.04.14"]
[Round "1"]
[White "Tsydypov, Zhamsaran"]
[Black "Bakhrillaev, Bakhrom"]
[Result "1-0"]
[WhiteElo "2538"]
[BlackElo "2193"]
[PlyCount "57"]
[EventDate "2023.04.14"]
[EventType "swiss"]
[EventRounds "9"]
[EventCountry "UZB"]
[SourceTitle "CBM 213 Extra"]
[Source "ChessBase"]
[SourceDate "2023.05.31"]
[SourceVersion "1"]
[SourceVersionDate "2023.05.31"]
[SourceQuality "1"]

1. e4 c5 2. Nf3 g6 3. c3 Bg7 4. d4 cxd4 5. cxd4 d5 6. e5 a6 7. Nc3 Nc6 8. h3 f6 9. Bf4 fxe5 10. dxe5 e6 11. Qd2 Nge7 12. h4 0-0 13. h5 gxh5 14. Bh6 Qe8 15. Bxg7 Kxg7 16. Bd3 Nf5 17. Ne2 Kh8 18. Bxf5 Rxf5 19. Ng3 Rf7 20. Ng5 Re7 21. Nxh5 Qg6 22. f4 h6 23. Nf6 Kg7 24. Nf3 Kf8 25. g4 Bd7 26. g5 Rh7 27. Nh4 Qg7 28. g6 Rh8 29. Nh5 1-0

[Event "Agzamov Memorial 16th"]
[Site "Tashkent"]
[Date "2023.04.11"]
[Round "9"]
[White "Bakhrillaev, Bakhrom"]
[Black "Sivuk, Vitaly"]
[Result "1-0"]
[WhiteElo "2193"]
[BlackElo "2533"]
[PlyCount "64"]
[EventDate "2023.04.05"]
[EventType "swiss"]
[EventRounds "10"]
[EventCountry "UZB"]
[SourceTitle "CBM 213 Extra"]
[Source "ChessBase"]
[SourceDate "2023.05.31"]
[SourceVersion "1"]
[SourceVersionDate "2023.05.31"]
[SourceQuality "1"]

1. d4 Nf6 2. c4 e6 3. Nc3 Bb4 4. e3 0-0 5. Bd2 b6 6. Bd3 Ba6 7. a3 Bxc3 8. Bxc3 d5 9. b3 c5 10. Nf3 cxd4 11. exd4 dxc4 12. bxc4 Qc7 13. Rc1 Nbd7 14. 0-0 Rac8 15. Bb2 Bb7 16. Re1 Rfe8 17. Ne5 Nxe5 18. Rxe5 h6 19. h3 Red8 20. a4 Qd6 21. a5 Rc7 22. axb6 axb6 23. Re3 Rcd7 24. Qe2 b5 25. d5 bxc4 26. Bxf6 gxf6 27. dxe6 fxe6 28. Bxc4 Bd5 29. Bxd5 exd5 30. Re6 Qf4 31. Re8+ Kg7 32. Rc3 Kh7 1-0